Pure Asp.net: A code-intensive premium reference

Tallennettuna:
Bibliografiset tiedot
Päätekijä: Robert Lair
Aineistotyyppi: Kirja
Kieli:Undetermined
Julkaistu: New York SAMs
Aiheet:
Tagit: Lisää tagi
Ei tageja, Lisää ensimmäinen tagi!
Thư viện lưu trữ: Trung tâm Học liệu Trường Đại học Cần Thơ
LEADER 00558nam a2200181Ia 4500
001 CTU_57398
008 210402s9999 xx 000 0 und d
020 |b 720000 
082 |a 005.7592 
082 |b L188 
100 |a Robert Lair 
245 0 |a Pure Asp.net: A code-intensive premium reference 
245 0 |c Robert Lair 
260 |a New York 
260 |b SAMs 
650 |a web publishing,world wide web ( information retrieval system ),asp.net ( computer program language ) 
904 |i Minh 
980 |a Trung tâm Học liệu Trường Đại học Cần Thơ